000 00314nam a22001337a 4500
008 181023b xxu||||| |||| 00| 0 eng d
020 _a0669270490
041 _aeng
080 _a941
100 _a16
101 _ahis
245 _aMajor Problems In American Indian History
_cHurtado.A L
942 _2udc
_cBK
999 _c50561
_d50561